[Event "Intomart GfK Open"]
[Site "Hilversum NED"]
[Date "2009.07.05"]
[Round "9"]
[White "Nijboer,F"]
[Black "L'Ami,E"]
[Result "1/2-1/2"]
[WhiteElo "2562"]
[BlackElo "2598"]
[EventDate "2009.06.27"]

1. e4 c6 2. d4 d5 3. e5 Bf5 4. Nf3 e6 5. Be2 c5 6. Be3 Qb6 7. Nbd2 Nc6 8.
dxc5 Bxc5 9. Bxc5 Qxc5 10. Bd3 Nge7 11. O-O O-O 12. Bxf5 Nxf5 13. Nb3 Qb6
14. c3 a5 15. Qd2 a4 16. Nc1 d4 17. Ne2 Rfd8 18. Rfd1 a3 19. bxa3 d3 20.
Nf4 Rxa3 21. Nxd3 Qa5 22. Rac1 Rxa2 23. Qe1 h6 24. h3 Qb5 25. Nb4 Rxd1 26.
Rxd1 Re2 27. Qf1 Nxe5 28. Nd4 Nxd4 29. Rxd4 Nf3+ 30. gxf3 Qg5+ 31. Kh1 Rb2
32. f4 Qh5 33. Rd3 Qf5 34. Rd8+ Kh7 35. Qd3 Rxf2 36. Qxf5+ exf5 37. Nd5 g5
38. Rd7 Kg6 39. Rxb7 g4 40. hxg4 fxg4 41. Kg1 Rc2 42. f5+ Kg7 43. Rb6 h5
44. Nf6 Kh6 45. Ne4+ Kg7 46. f6+ Kh6 47. Rb8 Kg6 48. Rb5 Kh6 49. Rg5 Rxc3
50. Rg7 Rf3 51. Rxf7 Rf4 52. Re7 Kg6 53. Rg7+ Kh6 54. Rg8 Kh7 55. Rg7+ Kh6
56. Rg8 1/2-1/2

[Event "Intomart GfK Open"]
[Site "Hilversum NED"]
[Date "2009.07.05"]
[Round "9"]
[White "Spoelman,W"]
[Black "Pavlovic,Milos"]
[Result "1/2-1/2"]
[WhiteElo "2512"]
[BlackElo "2511"]
[EventDate "2009.06.27"]

1. e4 c6 2. d4 d5 3. Nc3 dxe4 4. Nxe4 Bf5 5. Ng3 Bg6 6. h4 h6 7. Nf3 Nd7 8.
Bd3 Bxd3 9. Qxd3 e6 10. Bf4 Qa5+ 11. Bd2 Qc7 12. O-O-O Ngf6 13. Ne4 O-O-O
14. Kb1 c5 15. Nxf6 Nxf6 16. Qa3 Kb8 17. Qa4 c4 18. Ne5 Rc8 19. Rhe1 Bd6
20. g4 Nd5 21. h5 c3 22. bxc3 Bxe5 23. dxe5 Qxc3 24. Qb3 Qc4 25. f3 Rhd8
26. Qxc4 Rxc4 27. Kb2 Rdc8 28. Rc1 Rd4 29. Re2 Nb6 30. Kb3 Nc4 31. Bc3 Rd5
32. a4 Rc6 33. g5 Nb6 34. gxh6 gxh6 35. Re4 Nd7 36. Bd4 Nc5+ 37. Bxc5 Rdxc5
38. c4 Rb6+ 39. Kc3 Ra6 40. Rg1 Rxa4 41. Rg7 b5 42. Rxf7 Rcxc4+ 43. Rxc4
Rxc4+ 44. Kb3 Rh4 45. Rf6 Rxh5 46. Rxe6 Kc7 47. Kb4 Kd7 48. Rd6+ Ke7 49. f4
Rf5 50. Rxh6 1/2-1/2

[Event "Intomart GfK Open"]
[Site "Hilversum NED"]
[Date "2009.07.05"]
[Round "9"]
[White "Zatonskih,A"]
[Black "Giri,A"]
[Result "1/2-1/2"]
[WhiteElo "2461"]
[BlackElo "2517"]
[EventDate "2009.06.27"]

1. d4 d5 2. c4 c6 3. Nf3 Nf6 4. Qc2 dxc4 5. Qxc4 Bg4 6. Nbd2 Nbd7 7. g3 e6
8. Bg2 Be7 9. O-O O-O 10. Re1 a5 11. a3 a4 12. Ne5 Bh5 13. h3 Nxe5 14. dxe5
Nd7 15. Qc3 Qc7 16. Nc4 Nb6 17. Nxb6 Qxb6 18. e4 Qa5 19. Bd2 Qxc3 20. Bxc3
f5 21. exf5 exf5 22. Bb4 Rfe8 23. Re3 Rad8 24. Bxe7 Rxe7 25. Rc1 Rd4 26. b3
axb3 27. Rxb3 Bf7 28. Rb2 f4 29. gxf4 Rxf4 30. Rcb1 Rxe5 31. Rxb7 h6 32.
R7b4 Rf6 33. Rc1 Re2 34. Rxc6 Re1+ 35. Kh2 Rxf2 36. Kg3 Ra2 37. Be4 g6 38.
Kf4 Rxa3 39. Bxg6 Rf1+ 40. Ke4 Bxg6+ 41. Rxg6+ Kh7 42. Rg4 Ra7 43. h4 Re7+
44. Kd3 Rd1+ 45. Kc2 Rd5 46. Rbd4 Rde5 47. Kd3 Re3+ 48. Kd2 Re2+ 49. Kd3
R7e3+ 50. Kc4 Rc2+ 51. Kd5 Rc7 52. Rge4 Ra3 53. Ra4 Rd3+ 54. Rad4 Rh3 55.
Rg4 Rf7 1/2-1/2

Greek Cup
---------

[Event "Greek Cup Finals"]
[Site "Halkidiki GRE"]
[Date "2009.06.30"]
[Round "1"]
[White "Nikolaidis,I"]
[Black "Kotronias,V"]
[Result "0-1"]
[WhiteElo "2526"]
[BlackElo "2610"]
[EventDate "2009.06.30"]

1. e4 c5 2. Nf3 e6 3. d4 cxd4 4. Nxd4 a6 5. Bd3 Bc5 6. c3 d6 7. O-O Ne7 8.
Be3 Nd7 9. Nd2 O-O 10. Qe2 Ne5 11. Bc2 Bd7 12. f4 N5c6 13. N2b3 Nxd4 14.
cxd4 Bb6 15. f5 exf5 16. exf5 f6 17. Rf3 Bb5 18. Qf2 Rc8 19. Rh3 Nd5 20.
Qh4 Rxc2 21. Qxh7+ Kf7 22. Re1 Rh8 23. Qxh8 Qxh8 24. Rxh8 Rxb2 25. h4 a5
26. Bc1 Rb1 27. h5 a4 28. Nd2 Bxd4+ 29. Kh1 Ra1 30. Nf3 Bf2 31. Rd1 Ne3 32.
h6 gxh6 33. Rxd6 Rxc1+ 34. Kh2 Bg3+ 0-1

[Event "Greek Cup Finals"]
[Site "Halkidiki GRE"]
[Date "2009.06.30"]
[Round "1"]
[White "Skembris,S"]
[Black "Zahariev,Z"]
[Result "1/2-1/2"]
[WhiteElo "2434"]
[BlackElo "2400"]
[EventDate "2009.06.30"]

1. d4 Nf6 2. c4 d6 3. Nf3 c6 4. Nc3 Bg4 5. g3 e6 6. Bg2 Be7 7. O-O O-O 8.
h3 Bh5 9. e4 d5 10. e5 Ne4 11. Qb3 Nxc3 12. bxc3 Qb6 13. c5 Qxb3 14. axb3
Nd7 15. Re1 b6 16. cxb6 axb6 17. Bb2 1/2-1/2

[Event "Greek Cup Finals"]
[Site "Halkidiki GRE"]
[Date "2009.06.30"]
[Round "1"]
[White "Pavlidis,Ana"]
[Black "Halkias,S"]
[Result "0-1"]
[WhiteElo "2348"]
[BlackElo "2566"]
[EventDate "2009.06.30"]

1. d4 Nf6 2. c4 e6 3. Nf3 d5 4. Nc3 Be7 5. Bg5 h6 6. Bh4 O-O 7. e3 b6 8.
Rc1 Bb7 9. Bxf6 Bxf6 10. cxd5 exd5 11. Bd3 c6 12. O-O Na6 13. Re1 Nc7 14.
b4 Ne6 15. h3 Re8 16. Re2 Qe7 17. b5 c5 18. Bf5 Rad8 19. Na4 Nxd4 20. Nxd4
Bxd4 21. exd4 Qxe2 22. dxc5 Qxb5 23. Bd3 Qa5 0-1

[Event "Greek Cup Finals"]
[Site "Halkidiki GRE"]
[Date "2009.06.30"]
[Round "1"]
[White "Papaioannou,I"]
[Black "Kouvatsos,F"]
[Result "1-0"]
[WhiteElo "2624"]
[BlackElo "2093"]
[EventDate "2009.06.30"]

1. d4 d5 2. Nf3 c6 3. c4 Nf6 4. Nc3 a6 5. c5 Nbd7 6. Bf4 e6 7. e3 Be7 8.
Bd3 O-O 9. h3 b6 10. b4 a5 11. a3 bxc5 12. bxc5 Ba6 13. Bxa6 Rxa6 14. Qd3
Qc8 15. O-O Ra7 16. Rab1 Bd8 17. Rb2 Bc7 18. Rfb1 Bxf4 19. exf4 Qc7 20. Ne5
Nxe5 21. fxe5 Nd7 22. Ne2 Rb8 23. Rxb8+ Nxb8 24. Qb3 Nd7 25. Nf4 Kf8 26.
Nh5 Ra8 27. Qb7 Ra7 28. Qb2 Ra8 29. Qd2 h6 30. Rb3 Rb8 31. Rg3 g5 32. Kh2
Ke7 33. f4 Rg8 34. fxg5 hxg5 35. Rxg5 Qd8 36. Qf4 Qf8 37. Qh4 Rxg5 38.
Qxg5+ f6 39. exf6+ Nxf6 40. Kg1 Qh8 41. g4 Kf7 42. Qxf6+ Qxf6 43. Nxf6 Kxf6
44. h4 e5 45. g5+ Ke6 46. dxe5 Kxe5 47. g6 Kf6 48. h5 1-0

[Event "Greek Cup Finals"]
[Site "Halkidiki GRE"]
[Date "2009.06.30"]
[Round "1"]
[White "Fakhiridou,E"]
[Black "Papadopoulos,I"]
[Result "0-1"]
[WhiteElo "2252"]
[BlackElo "2445"]
[EventDate "2009.06.30"]

1. e4 c5 2. Nf3 Nc6 3. d4 cxd4 4. Nxd4 Nf6 5. Nc3 e5 6. Ndb5 d6 7. Nd5 Nxd5
8. exd5 Nb8 9. c4 Be7 10. Be2 O-O 11. O-O Nd7 12. Be3 a6 13. Nc3 f5 14. f3
Bg5 15. Bxg5 Qxg5 16. Qc1 Qh4 17. f4 exf4 18. Qxf4 Qf6 19. Rac1 Ne5 20. Kh1
b6 21. Qd4 Rb8 22. b4 Bd7 23. Qd2 Qh4 24. Rf4 Qh6 25. Rcf1 Rfc8 26. Qd4 g5
27. R4f2 Qg7 28. a4 Nxc4 29. Qxg7+ Kxg7 30. Ne4 Ne3 31. Nxd6 Rf8 32. Rc1
Rf6 33. Rf3 Nxd5 34. Nc4 Bxa4 35. Nb2 Bc6 36. Rg3 h6 37. Bxa6 b5 38. Nd3 f4
39. Rh3 Bd7 0-1

[Event "Greek Cup Finals"]
[Site "Halkidiki GRE"]
[Date "2009.06.30"]
[Round "1"]
[White "Mitigas,S"]
[Black "Dorfanis,I"]
[Result "1/2-1/2"]
[WhiteElo "2164"]
[BlackElo "2188"]
[EventDate "2009.06.30"]

1. d4 Nf6 2. c4 e6 3. Nf3 d5 4. cxd5 exd5 5. Nc3 Be7 6. Bf4 O-O 7. e3 c6 8.
Bd3 Re8 9. h3 Nbd7 10. O-O Nf8 11. Qc2 Ng6 12. Bh2 Bd6 13. Bxd6 Qxd6 14.
Ng5 Bd7 15. Rfd1 Re7 16. Ne2 Rae8 17. b4 Ne4 18. Nxe4 dxe4 19. Bc4 Nh4 20.
Ng3 b5 21. Bb3 Qxb4 22. a4 a6 23. axb5 axb5 24. Ra7 Be6 25. Rxe7 Qxe7 26.
Bxe6 Qxe6 27. Rc1 Ng6 28. Qxc6 Qxc6 29. Rxc6 Rb8 30. Nxe4 b4 31. Rc2 Ne7
32. Rb2 Nd5 33. Rb3 f5 34. Nc5 Ra8 35. Nd3 Ra3 36. Nxb4 Rxb3 37. Nxd5 Kf7
38. h4 g6 39. Kf1 h6 40. Nf4 g5 41. hxg5 hxg5 42. Nh3 Kf6 43. g3 Rb1+ 44.
Kg2 Re1 45. Kh2 Kg6 46. Kg2 Kh5 47. Kh2 Rd1 48. Kg2 Rb1 49. Ng1 Rd1 50. Nf3
Kg6 51. Ne5+ Kf6 52. Kf3 Rg1 53. g4 Rd1 54. gxf5 Kxf5 55. e4+ Ke6 56. Ke3
Re1+ 57. Kd3 Rd1+ 58. Ke3 1/2-1/2

[Event "Greek Cup Finals"]
[Site "Halkidiki GRE"]
[Date "2009.07.01"]
[Round "2"]
[White "Grigorov,G"]
[Black "Kotronias,V"]
[Result "0-1"]
[WhiteElo "2488"]
[BlackElo "2610"]
[EventDate "2009.06.30"]

1. d4 Nf6 2. c4 g6 3. Nf3 Bg7 4. g3 O-O 5. Bg2 d6 6. O-O Nbd7 7. Nc3 e5 8.
e4 c6 9. b3 Qb6 10. d5 Nc5 11. Be3 cxd5 12. Nxd5 Nxd5 13. cxd5 Bd7 14. Nd2
Rac8 15. Rc1 f5 16. Nc4 Qa6 17. exf5 gxf5 18. Rc2 Rc7 19. Qd2 e4 20. Qa5
Qxa5 21. Nxa5 b6 22. Nc4 Nd3 23. a4 b5 24. axb5 Bxb5 25. Ra2 Ne5 26. Rxa7
Rxa7 27. Bxa7 Nxc4 28. bxc4 Bxc4 29. Rc1 Bb3 30. Be3 Be5 31. Bh6 Rf6 32.
Rc8+ Kf7 33. Rc7+ Kg6 34. Bg7 Rf7 35. Rxf7 Kxf7 36. Bxe5 dxe5 37. g4 Bxd5
38. gxf5 Kf6 39. Bh3 Bc4 40. Kg2 h5 41. Kg3 Kg5 42. Bg2 h4+ 43. Kh3 Bd3 44.
f6 e3 45. Be4 Bf1+ 46. Bg2 Bc4 0-1

[Event "Greek Cup Finals"]
[Site "Halkidiki GRE"]
[Date "2009.07.01"]
[Round "2"]
[White "Markidis,K"]
[Black "Nikolaidis,I"]
[Result "1/2-1/2"]
[WhiteElo "2334"]
[BlackElo "2526"]
[EventDate "2009.06.30"]

1. e4 c5 2. Nf3 d6 3. c3 Nf6 4. Bd3 Bg4 5. h3 Bh5 6. Bc2 e6 7. d3 Nc6 8.
Nbd2 d5 9. Qe2 Qc7 10. g4 Bg6 11. Nh4 O-O-O 12. Ndf3 Bd6 13. Bd2 c4 14.
Nxg6 cxd3 15. Bxd3 hxg6 16. O-O-O Bf4 17. Kb1 Bxd2 18. Nxd2 Qf4 19. exd5
Rxd5 20. Nc4 Rhd8 21. Bc2 Ne4 22. Rxd5 exd5 23. Bxe4 dxe4 24. Rd1 Rxd1+ 25.
Qxd1 e3 26. Nxe3 Qxf2 27. Nc4 f5 28. Qd5 Qe1+ 1/2-1/2

[Event "Greek Cup Finals"]
[Site "Halkidiki GRE"]
[Date "2009.07.01"]
[Round "2"]
[White "Zahariev,Z"]
[Black "Sourgkounis,A"]
[Result "1-0"]
[WhiteElo "2400"]
[BlackElo "1926"]
[EventDate "2009.06.30"]

1. e4 c6 2. d4 d5 3. exd5 cxd5 4. c4 Nf6 5. Nc3 g6 6. cxd5 Bg7 7. Bc4 Nbd7
8. Nge2 O-O 9. Nf4 Nb6 10. Bb3 Bf5 11. O-O Nc8 12. Re1 Nd6 13. f3 h5 14.
Nd3 Bxd3 15. Qxd3 Nf5 16. Bf4 a6 17. Kh1 b5 18. a3 Qb6 19. Rad1 Rfd8 20. d6
exd6 21. Nd5 Nxd5 22. Bxd5 Ra7 23. Bg5 Rdd7 24. g4 hxg4 25. fxg4 Ne7 26.
Bxe7 Rxe7 27. Qxg6 b4 28. Rxe7 Rxe7 29. Rf1 Qb5 30. Bxf7+ Kh8 31. Rf3 Re1+
32. Kg2 Qe2+ 33. Rf2 Qe4+ 34. Qxe4 Rxe4 35. Kf3 Rxd4 36. axb4 Be5 37. h3
Rd3+ 38. Ke4 Rxh3 39. Bc4 Rh4 40. Rg2 Rh3 41. Kd5 Rf3 42. Bxa6 Rf4 43. b5
Rd4+ 44. Ke6 Rb4 45. Kf5 Kg7 46. Rc2 Bxb2 47. Rc6 d5 48. b6 Bd4 49. Rc7+
1-0

[Event "Greek Cup Finals"]
[Site "Halkidiki GRE"]
[Date "2009.07.01"]
[Round "2"]
[White "Kouvatsos,F"]
[Black "Fakhiridou,E"]
[Result "1/2-1/2"]
[WhiteElo "2093"]
[BlackElo "2252"]
[EventDate "2009.06.30"]

1. d4 Nf6 2. c4 c5 3. d5 e5 4. Nc3 d6 5. e4 Be7 6. Nge2 O-O 7. Ng3 Ne8 8.
Be2 Nd7 9. Bg4 a6 10. a4 Bg5 11. Bxg5 Qxg5 12. h4 Qd8 13. h5 Qg5 14. Bh3
Rb8 15. Qe2 Kh8 16. Nd1 Ndf6 17. Ne3 g6 18. Bxc8 Rxc8 19. Ra3 Ng7 20. hxg6
fxg6 21. Rb3 Rc7 22. Rb6 Rcf7 23. O-O Nfe8 24. b4 cxb4 25. Rxb4 h5 26. Nh1
Nf6 27. f3 Nh7 28. Nc2 h4 29. Qe3 Qh5 30. Nf2 Ng5 31. Ne1 h3 32. Nxh3 Nxh3+
33. gxh3 Qxh3 34. Rb2 Nh5 35. Rh2 Qd7 36. Qh6+ Kg8 37. Kf2 Rg7 38. Rg1 Qf7
39. Rg5 Qf6 40. Rhg2 Nf4 41. R2g4 Rc8 42. Ng2 Qd8 43. Ne3 Qb6 44. Rxg6 Nxg6
45. Rxg6 Rcc7 46. Rxg7+ Rxg7 47. Qe6+ Kh7 48. Qh3+ Kg8 49. Qe6+ Kh7 50.
Qh3+ Kg8 51. Qe6+ 1/2-1/2

Greek League
------------

[Event "XI Open"]
[Site "Torredembarra ESP"]
[Date "2009.07.04"]
[Round "1"]
[White "Rusev,K"]
[Black "Barberans Sola,S"]
[Result "1-0"]
[WhiteElo "2543"]
[BlackElo "1942"]
[EventDate "2009.07.04"]

1. d4 c6 2. c4 d5 3. Nf3 Nf6 4. Nc3 g6 5. Bf4 Bg7 6. e3 Bg4 7. Qb3 Bxf3 8.
Qxb7 O-O 9. gxf3 Qb6 10. Qxb6 axb6 11. cxd5 cxd5 12. Bb5 Rc8 13. Kd2 Nc6
14. Rhc1 Nd8 15. Be5 Ne6 16. Bxf6 Bxf6 17. Nxd5 Bh4 18. a4 Rd8 19. Nxb6
Nxd4 20. exd4 Bg5+ 21. Kd3 Rab8 22. a5 Bxc1 23. Rxc1 e5 24. d5 1-0

[Event "XI Open"]
[Site "Torredembarra ESP"]
[Date "2009.07.04"]
[Round "1"]
[White "Vidarte Morales,A"]
[Black "Orti Boix,M"]
[Result "1-0"]
[WhiteElo "2444"]
[BlackElo "1938"]
[EventDate "2009.07.04"]

1. d4 Nf6 2. c4 g6 3. Nc3 Bg7 4. e4 d6 5. f3 O-O 6. Bg5 h6 7. Be3 e5 8. d5
a5 9. Qd2 Kh7 10. g4 Ng8 11. h4 Na6 12. Nge2 Nc5 13. Ng3 Ne7 14. O-O-O Bd7
15. Be2 Na4 16. Nb5 b6 17. Bd3 Nc5 18. Bc2 Bxb5 19. cxb5 a4 20. Kb1 Qd7 21.
Qe2 Ra5 22. Bxc5 bxc5 23. Bd3 Rb8 24. Qf1 Nc8 25. Ne2 Nb6 26. Nc3 a3 27. b3
Rf8 28. Qe2 Nc8 29. Rdf1 Ne7 30. Kc2 Raa8 31. Rh2 Qe8 32. Nd1 Rh8 33. Ne3
Kg8 34. Qd2 h5 35. g5 Qd7 36. Kb1 Kh7 37. Qe2 Rhf8 38. Rff2 Rab8 39. Nc2
Ra8 40. Ne3 Rab8 41. Rf1 Nc8 42. Rc1 Na7 43. Nc2 Nxb5 44. Bxb5 Qxb5 45.
Qxb5 Rxb5 46. Nxa3 Rb4 47. Nc4 f5 48. Kc2 fxe4 49. fxe4 Rf4 50. Re1 Rf3 51.
Ree2 Rb8 52. Ref2 Rf4 53. Re2 Bf8 54. a3 Ra8 55. Kb2 Kg7 56. Rh1 Ra6 57.
Rh3 Ra7 58. a4 Be7 59. a5 Bd8 60. Rh1 Be7 61. Ka3 Rb7 62. Rh3 Bf8 63. Rhh2
Be7 64. Kb2 Rf3 65. Re3 Rxe3 66. Nxe3 Ra7 67. Nc4 Ra6 68. Ka3 c6 69. Ka4
cxd5 70. exd5 Bd8 71. Kb5 Ra8 72. a6 Rb8+ 73. Kc6 Rxb3 74. a7 1-0

[Event "XI Open"]
[Site "Torredembarra ESP"]
[Date "2009.07.04"]
[Round "1"]
[White "Santolaria Pena,M"]
[Black "Pogorelov,R"]
[Result "0-1"]
[WhiteElo "1937"]
[BlackElo "2441"]
[EventDate "2009.07.04"]

1. d4 Nf6 2. Bf4 e6 3. e3 c5 4. c3 Qb6 5. Qb3 Nd5 6. Bxb8 Rxb8 7. Nf3 cxd4
8. exd4 Qc7 9. g3 b5 10. Bg2 Be7 11. O-O O-O 12. Nbd2 a5 13. Rac1 Qa7 14.
Rfe1 Ba6 15. Ne5 Nf6 16. Ne4 Nxe4 17. Bxe4 f6 18. Nd3 b4 19. Qd1 bxc3 20.
bxc3 Bc4 21. Qc2 f5 22. Bg2 Qc7 23. Ne5 Ba6 24. d5 Ba3 25. Rcd1 Rb2 26. Qc1
d6 27. Nc6 e5 28. Qg5 Rxa2 29. Bf3 Bc5 30. Nd4 h6 31. Qh4 exd4 32. cxd4 Bb4
33. Rc1 Rc2 34. Rxc2 Qxc2 35. Re7 Qc1+ 36. Kg2 Qc8 37. Re1 0-1

[Event "XI Open"]
[Site "Torredembarra ESP"]
[Date "2009.07.04"]
[Round "1"]
[White "Ivanov,Jo"]
[Black "Nieves Alarcon,J"]
[Result "1-0"]
[WhiteElo "2431"]
[BlackElo "1914"]
[EventDate "2009.07.04"]

1. d4 Nf6 2. c4 d5 3. cxd5 Nxd5 4. e4 Nf6 5. e5 Nd5 6. Nc3 e6 7. Nf3 Be7 8.
Bd3 b6 9. O-O Bb7 10. Qe2 h6 11. Rd1 a5 12. Qe4 Qc8 13. Qg4 g6 14. h4 h5
15. Qg3 Rg8 16. Ne4 Ba6 17. Bg5 Qd8 18. Rac1 Bxd3 19. Rxd3 Na6 20. a3 Qd7
21. Bxe7 Qxe7 22. Nfg5 Kd7 23. Rf3 Raf8 24. Nh7 Rd8 25. Nhf6+ Nxf6 26.
Nxf6+ Kc8 27. Nxg8 Rxg8 28. Rf6 Nb8 29. Qf4 Rf8 30. d5 1-0

[Event "XI Open"]
[Site "Torredembarra ESP"]
[Date "2009.07.05"]
[Round "2"]
[White "Sharaibi,O"]
[Black "Rusev,K"]
[Result "0-1"]
[WhiteElo "2103"]
[BlackElo "2543"]
[EventDate "2009.07.04"]

1. f4 d5 2. Nf3 Bg4 3. e3 Nd7 4. Be2 e6 5. O-O Bd6 6. b3 Ne7 7. Bb2 f6 8.
Nd4 Bxe2 9. Qxe2 Kf7 10. Qh5+ g6 11. Qh3 Nf5 12. Nc3 Nxd4 13. exd4 c6 14.
Rae1 f5 15. Re2 Nf6 16. Rfe1 Bxf4 17. Qf3 Qc7 18. g3 Bd6 19. Rxe6 Rhe8 20.
Rxe8 Rxe8 21. Rxe8 Nxe8 22. Na4 Nf6 23. d3 Qe7 24. Bc3 b5 25. Nb2 Bb4 26.
Bxb4 Qxb4 27. Qf4 Qe1+ 28. Kg2 Ng4 29. Qc7+ Kg8 30. Kh3 Qe2 31. Qb8+ Kg7
32. Qc7+ Kh6 33. Qf4+ Kh5 0-1

[Event "XI Open"]
[Site "Torredembarra ESP"]
[Date "2009.07.05"]
[Round "2"]
[White "Baiges Navarro,A"]
[Black "Vidarte Morales,A"]
[Result "1/2-1/2"]
[WhiteElo "2090"]
[BlackElo "2444"]
[EventDate "2009.07.04"]

1. Nf3 Nf6 2. g3 g6 3. d4 Bg7 4. c4 d5 5. Nc3 O-O 6. Bg2 Nc6 7. O-O dxc4 8.
e4 Bg4 9. Be3 Nd7 10. e5 Nb6 11. Qd2 f6 12. exf6 Bxf6 13. Bh6 Re8 14. d5
Bxf3 15. Bxf3 Ne5 16. Bg2 c6 17. Bf4 cxd5 18. Nxd5 Nxd5 19. Qxd5+ Qxd5 20.
Bxd5+ Kg7 21. Bxe5 Bxe5 22. Bxc4 Rac8 23. Bb3 b5 24. Rab1 a5 25. Rfe1 Rc5
26. Re2 a4 27. Be6 Rd8 28. b4 axb3 29. Bxb3 Bd6 30. Rd1 Rdc8 31. Kg2 Rc3
32. Red2 R8c6 33. Rd3 b4 34. Rf3 Rxf3 35. Kxf3 Rc5 36. Rd5 1/2-1/2

[Event "XI Open"]
[Site "Torredembarra ESP"]
[Date "2009.07.05"]
[Round "2"]
[White "Pogorelov,R"]
[Black "Puig Raull,M"]
[Result "1-0"]
[WhiteElo "2441"]
[BlackElo "2077"]
[EventDate "2009.07.04"]

1. d4 d6 2. Nf3 Bg4 3. c4 Nd7 4. Nc3 e5 5. d5 a5 6. e4 Be7 7. Be2 Bxf3 8.
Bxf3 Bg5 9. Bxg5 Qxg5 10. a3 Qd8 11. b4 Ne7 12. O-O O-O 13. Qd3 f5 14. c5
f4 15. Rac1 Rf6 16. Nb5 Nf8 17. Bg4 axb4 18. axb4 dxc5 19. bxc5 Rg6 20. h3
Kh8 21. Qc3 Rg5 22. d6 Nc8 23. dxc7 Qf6 24. Nd6 h5 25. Bxc8 Rxc8 26. Nxc8
f3 27. g3 h4 28. Kh2 hxg3+ 29. fxg3 Rh5 30. Qxf3 Qh6 31. Qxf8+ Kh7 32. Kg2
Qe6 33. g4 Rg5 34. Nd6 1-0

[Event "XI Open"]
[Site "Torredembarra ESP"]
[Date "2009.07.05"]
[Round "2"]
[White "Gonzalez Rodriguez,JA"]
[Black "Repiso Alvarez,J"]
[Result "1-0"]
[WhiteElo "2429"]
[BlackElo "2057"]
[EventDate "2009.07.04"]

1. c4 Nf6 2. Nc3 d5 3. cxd5 Nxd5 4. g3 Nxc3 5. bxc3 g6 6. Bg2 Bg7 7. Nf3
Nc6 8. O-O O-O 9. Qc2 Bg4 10. h3 Be6 11. Rb1 Bc4 12. d3 Ba6 13. c4 e5 14.
Rd1 Re8 15. e3 Qd7 16. Nd2 Rad8 17. Ne4 b6 18. Ba3 Na5 19. Bb4 Nb7 20. a4
c5 21. Be1 Nd6 22. Nxd6 Qxd6 23. Bd5 Qd7 24. h4 Qg4 25. Bg2 Rd6 26. Rd2 Bh6
27. Qd1 Qd7 28. Bd5 Bb7 29. Bxb7 Qxb7 30. a5 Red8 31. axb6 Rxb6 32. Ra1 Rb3
33. Rxa7 Qxa7 34. Qxb3 e4 35. dxe4 Rxd2 36. Bxd2 1-0

29th Open Villa de Benasque
---------------------------

[Event "XXIX Open"]
[Site "Benasque ESP"]
[Date "2009.07.03"]
[Round "1"]
[White "Burmakin,V"]
[Black "Alvarado Fernandez,M"]
[Result "1-0"]
[WhiteElo "2627"]
[BlackElo "2028"]
[EventDate "2009.07.03"]

1. d4 d5 2. Nf3 Nf6 3. c4 c6 4. Qb3 Qb6 5. Nc3 Bg4 6. c5 Qc7 7. Bf4 Qc8 8.
Ne5 Bf5 9. e3 e6 10. Be2 h6 11. Qd1 Nbd7 12. b4 a6 13. O-O Be7 14. a4 O-O
15. b5 Nxe5 16. Bxe5 Nd7 17. Bg3 Bd8 18. bxa6 bxa6 19. a5 Bc7 20. Bxc7 Qxc7
21. Na4 Ra7 22. Nb6 Re8 23. Ra2 e5 24. Nxd7 Bxd7 25. Qd2 exd4 26. exd4 Bf5
27. Rb2 Bc8 28. Rb6 Re7 29. Bd3 Bb7 30. Rfb1 Kf8 31. h3 Qd7 32. Qf4 Qc7 33.
Qf3 Re8 34. Qf5 g6 35. Qf6 Kg8 36. Bxg6 fxg6 37. Qxg6+ Kf8 38. Qxh6+ Kg8
39. R6b3 Re7 40. Rg3+ Rg7 41. Rbb3 1-0

[Event "XXIX Open"]
[Site "Benasque ESP"]
[Date "2009.07.03"]
[Round "1"]
[White "Mercant Simo,J"]
[Black "Laznicka,V"]
[Result "0-1"]
[WhiteElo "2026"]
[BlackElo "2617"]
[EventDate "2009.07.03"]

1. e4 c5 2. Nf3 e6 3. d4 cxd4 4. Nxd4 Nc6 5. Nb5 d6 6. Bf4 e5 7. Be3 Nf6 8.
Bg5 Be6 9. Bxf6 gxf6 10. Nd2 a6 11. Nc3 f5 12. Qh5 Qf6 13. Bc4 Qg6 14. Qxg6
hxg6 15. Nd5 Rc8 16. Nb6 Rc7 17. Na8 Re7 18. Nb6 Rc7 19. Na8 Rd7 20. Nb6
Rd8 21. Nd5 Bh6 22. f3 Kf8 23. a4 Nd4 24. Kd1 fxe4 25. Nxe4 Rc8 26. b3 Bxd5
27. Bxd5 Nxc2 28. Bxb7 Rc7 29. Bxa6 Nxa1 30. Bc4 Nxb3 0-1

[Event "XXIX Open"]
[Site "Benasque ESP"]
[Date "2009.07.03"]
[Round "1"]
[White "Mamedov,Nid"]
[Black "Benito Vicente,J"]
[Result "1-0"]
[WhiteElo "2614"]
[BlackElo "2022"]
[EventDate "2009.07.03"]

1. e4 c6 2. d4 d5 3. e5 Bf5 4. Nf3 e6 5. Nbd2 c5 6. dxc5 Bxc5 7. Nb3 Bb6 8.
Bb5+ Nc6 9. Nfd4 Qh4 10. O-O Nge7 11. Be3 O-O 12. g3 Qh3 13. Nxf5 Qxf5 14.
Bxb6 axb6 15. f4 Qh3 16. Re1 Nf5 17. Bf1 Qh6 18. Bd3 Qh3 19. Nd2 Nb4 20.
Bf1 Qh6 21. a3 Nc6 22. Nf3 Ra4 23. c3 Re4 24. Bd3 Rxe1+ 25. Qxe1 g6 26. Qf2
Qh3 27. Re1 Rd8 28. Ng5 Qh6 29. Qxb6 Rb8 30. a4 Qf8 31. Nf3 Qe7 32. Qf2 h6
33. h3 Qc7 34. Kh1 Nfe7 35. g4 Kg7 36. f5 exf5 37. gxf5 Nxf5 38. Bxf5 gxf5
39. Qh4 Rh8 40. Qf6+ Kh7 41. Qxf5+ Kg7 42. Qf6+ Kh7 43. e6 Qe7 44. Qf5+ Kg7
45. exf7 Qxf7 46. Rg1+ Kf8 47. Qc8+ Qe8 48. Qxb7 Rg8 49. Rf1 Rg7 50. Qxc6
1-0

[Event "XXIX Open"]
[Site "Benasque ESP"]
[Date "2009.07.03"]
[Round "1"]
[White "Edouard,R"]
[Black "Flores Escuin,S"]
[Result "1-0"]
[WhiteElo "2597"]
[BlackElo "2021"]
[EventDate "2009.07.03"]

1. e4 e6 2. d4 d5 3. Nc3 Nf6 4. Bg5 Bb4 5. exd5 exd5 6. Qf3 Be6 7. Bxf6
Qxf6 8. Qxf6 gxf6 9. O-O-O c6 10. Nge2 Bd6 11. Ng3 Nd7 12. Bd3 O-O-O 13.
Nf5 Kc7 14. Nxd6 Kxd6 15. Ne2 f5 16. Ng3 f4 17. Ne2 f3 18. gxf3 f5 19. Rhg1
Rhg8 20. Rg3 Nf6 21. Nf4 Bd7 22. Rdg1 Rde8 23. Kd2 b6 24. Nh5 Rgf8 25. Rg5
Nxh5 26. Rxh5 Re7 27. Rgg5 Ref7 28. f4 Ke7 29. Rg3 Kd8 30. h4 a5 31. Re3
Kc7 32. Rg5 b5 33. Be2 h6 34. Rg1 Kd6 35. Bh5 Rf6 36. Rg7 Be6 37. Reg3 a4
38. a3 Rd8 39. Kc3 Rd7 40. Kb4 Rxg7 41. Rxg7 Bd7 42. Rg6 Rxg6 43. Bxg6 Be6
44. Be8 Bc8 45. b3 axb3 46. cxb3 1-0

[Event "XXIX Open"]
[Site "Benasque ESP"]
[Date "2009.07.03"]
[Round "1"]
[White "Tejedo Meneses,A"]
[Black "Andriasian,Z"]
[Result "0-1"]
[WhiteElo "2020"]
[BlackElo "2585"]
[EventDate "2009.07.03"]

1. e4 c5 2. Nf3 d6 3. d4 cxd4 4. Nxd4 Nf6 5. Nc3 a6 6. Bg5 e6 7. f4 Qb6 8.
Qd2 Nc6 9. O-O-O Bd7 10. Be2 Rc8 11. Rhe1 Nxd4 12. Qxd4 Qxd4 13. Rxd4 Bc6
14. Bf3 Nd7 15. Rd2 b5 16. Bh4 Nc5 17. Bg4 Be7 18. Bxe7 Kxe7 19. b4 Nd7 20.
Nd5+ Kd8 21. Nc3 Bb7 22. Re3 Ke7 23. Be2 Nb6 24. a3 Rc7 25. Nd1 Rhc8 26.
Bd3 e5 27. f5 f6 28. Rg3 Kf8 29. Rh3 h6 30. Re3 d5 31. Rde2 dxe4 32. Bxe4
Bxe4 33. Rxe4 Nc4 34. Ne3 Nxa3 35. Kb2 Nc4+ 36. Nxc4 Rxc4 37. Kb3 Kf7 38.
g4 Rc3+ 39. Kb2 R8c4 40. h4 Rxc2+ 41. Rxc2 Rxe4 42. Rc7+ Kg8 43. Kc3 Rxg4
44. Ra7 Rc4+ 45. Kb3 Rf4 46. Rxa6 Rxf5 0-1

[Event "XXIX Open"]
[Site "Benasque ESP"]
[Date "2009.07.03"]
[Round "1"]
[White "Marin,Mi"]
[Black "Fernandez Rubio,R"]
[Result "1-0"]
[WhiteElo "2583"]
[BlackElo "2019"]
[EventDate "2009.07.03"]

1. d4 Nf6 2. c4 g6 3. Nc3 Bg7 4. e4 d6 5. Nf3 O-O 6. Be2 e5 7. O-O Nc6 8.
d5 Ne7 9. Nd2 Ne8 10. b4 f5 11. c5 f4 12. Bg4 g5 13. Ba3 Nf6 14. Bxc8 Rxc8
15. f3 h5 16. Nc4 Qd7 17. b5 g4 18. Rc1 gxf3 19. Qxf3 Ne8 20. Qxh5 Rf6 21.
c6 bxc6 22. bxc6 Qd8 23. Qh3 Rh6 24. Qd7 Nf6 25. Qxd8+ Rxd8 26. Rb1 Kf7 27.
Rb7 Rdh8 28. h3 Rg6 29. Rf3 Nh7 30. h4 Bf6 31. Rxc7 Rhg8 32. Nxe5+ dxe5 1-0